000 00780nam a2200253 a 4500
001 000011712
005 20200929162532.0
008 091026r19691969mx 000 f spa d
040 _aDO-SdBNP
_bspa
_cBNPHU
041 1 7 _aspa
_hita
_2Código de idioma MARC
082 _a853.91
_bE19n, 1969
100 1 _aEckstein, Ernesto
_927756
240 1 0 _aNeron
_lespañol
245 1 0 _aNerón /
_cErnesto Eckstein ; traducción, Verónica Mere.
250 _a1a ed. ; 6a reimp.
260 _aMéxico :
_bDiana,
_c1969.
300 _a499 p. ;
_c20 cm.
490 1 _aGrandes Biografías
534 _pTítulo original en Italiano:
_tNeron
650 4 _aNovela historica italiana
_927757
650 4 _aLiteratura italiana
_93329
830 0 _aGrandes Biografías
_911230
049 _aBNGR
999 _c11389
_d11389